Library Banner

A journey through persian history and culture (Record no. 70844)

MARC details
000 -LEADER
fixed length control field 00425nam a22001577a 4500
005 - DATE AND TIME OF LATEST TRANSACTION
control field 20150506111105.0
008 - FIXED-LENGTH DATA ELEMENTS--GENERAL INFORMATION
fixed length control field 150506b xxu||||| |||| 00| 0 eng d
020 ## - INTERNATIONAL STANDARD BOOK NUMBER
International Standard Book Number 9694163021
040 ## - CATALOGING SOURCE
Transcribing agency PK-LaUMT
082 ## - DEWEY DECIMAL CLASSIFICATION NUMBER
Classification number KHC 306.0955
Item number HUS-J
100 ## - MAIN ENTRY--PERSONAL NAME
Personal name Hussian Nasr
245 ## - TITLE STATEMENT
Title A journey through persian history and culture
Statement of responsibility, etc Hussain Nasr
260 ## - PUBLICATION, DISTRIBUTION, ETC. (IMPRINT)
Place of publication, distribution, etc Lahore
Name of publisher, distributor, etc Iqbal Academy Pakistan
Date of publication, distribution, etc 2000
300 ## - PHYSICAL DESCRIPTION
Extent 75 p.
942 ## - ADDED ENTRY ELEMENTS (KOHA)
Koha item type Books
Holdings
Withdrawn status Lost status Damaged status Home library Current library Date acquired Full call number Barcode Date last seen Price effective from Koha item type
      UMT Main Campus UMT Main Campus 2015-05-06 KHC 306.0955 HUS-J 73635 2015-05-06 2015-05-06 Books